Text and texture : close readings of selected Biblical texts /

Bibliographic Details
Main Author: Fishbane, Michael, 1943-
Format: Book
Language:English
Published: New York : Schocken Books, 1979.
Subjects:

MARC

Tag First Indicator Second Indicator Subfields
LEADER 00000pam a2200000 a 4500
001 in00000085692
005 20210918063012.0
008 790412s1979 nyu b 00110 engm
010 |a  79014083  
020 |a 0805237240 :  |c $12.95 
035 |a (OCoLC)04907968 
035 |9 AAH6837AM 
040 |a DLC  |c DLC  |d m.c.  |d TXA  |d UtOrBLW 
049 |a TXAM  |c [1272515] 
050 0 0 |a BS1171.2  |b  F57 
082 0 |a 221.6 
100 1 |a Fishbane, Michael,  |d 1943- 
245 1 0 |a Text and texture :  |b close readings of selected Biblical texts /  |c Michael Fishbane. 
264 1 |a New York :  |b Schocken Books,  |c 1979. 
300 |a xiv, 154 pages ;  |c 21 cm. 
336 |a text  |b txt  |2 rdacontent 
337 |a unmediated  |b n  |2 rdamedia 
338 |a volume  |b nc  |2 rdacarrier 
504 |a Includes bibliographical references and index. 
630 0 0 |a Bible.  |p Old Testament  |x Criticism, interpretation, etc. 
999 |a MARS 
999 f f |s 4c49f1f5-84fa-3971-9419-e3d661f10214  |i f639b086-5a76-3dc9-b6a5-34d475f92199  |t 0 
952 f f |p ric  |a Texas A&M University  |b Rellis Campus  |c Joint Library Facility  |d Remote Storage  |t 0  |e BS1171.2 F57  |h Library of Congress classification  |i unmediated -- volume  |m A14805952380 
998 f f |a BS1171.2 F57  |t 0  |l Remote Storage